Approximate methods in optimization problems / (Record no. 67294)
[ view plain ]
| 000 -LEADER | |
|---|---|
| fixed length control field | 01253nam a2200301 a 4500 |
| 001 - CONTROL NUMBER | |
| control field | 67294 |
| 003 - CONTROL NUMBER IDENTIFIER | |
| rucl marc code | BD-RjUL |
| 005 - DATE AND TIME OF LATEST TRANSACTION | |
| control field | 20211209081632.0 |
| 008 - FIXED-LENGTH DATA ELEMENTS--GENERAL INFORMATION | |
| fixed length control field | 170323s1970 nyua b 001 0 eng |
| 020 ## - INTERNATIONAL STANDARD BOOK NUMBER | |
| International Standard Book Number | 0444000887 |
| 035 ## - SYSTEM CONTROL NUMBER | |
| System control number | (BD-RjUL)67425 |
| 040 ## - CATALOGING SOURCE | |
| Original cataloging agency | DLC |
| Transcribing agency | DLC |
| Modifying agency | BD-RjUL |
| Language of cataloging | eng |
| 041 1# - LANGUAGE CODE | |
| Language code of text/sound track or separate title | engrus |
| 082 00 - DEWEY DECIMAL CLASSIFICATION NUMBER | |
| Classification number | 519.8 |
| Edition number | 23 |
| Author mark and year | DEA 1970 |
| 100 1# - MAIN ENTRY--PERSONAL NAME | |
| Personal name | Demya︡nov, V. F. |
| Fuller form of name | (Vladimir Fedorovich), |
| Dates associated with a name | 1938- |
| 9 (RLIN) | 199387 |
| 245 10 - TITLE STATEMENT | |
| Title | Approximate methods in optimization problems / |
| Statement of responsibility, etc. | Vladimir F. Demyanov and Aleksandr M. Rubinov. Translated from the Russian by Scripta Technica, Inc. Translation editor: George M. Kranc. |
| 250 ## - EDITION STATEMENT | |
| Edition statement | 2. ed. |
| 260 ## - PUBLICATION, DISTRIBUTION, ETC. (IMPRINT) | |
| Place of publication, distribution, etc. | New York : |
| Name of publisher, distributor, etc. | American Elsevier Pub. Co., |
| Date of publication, distribution, etc. | 1970. |
| 300 ## - PHYSICAL DESCRIPTION | |
| Pagination | ix, 256 p. : |
| Illustrations | ill. ; |
| Size | 24 cm. |
| 490 1# - SERIES STATEMENT | |
| Series statement | Modern analytic and computational methods in science and mathematics, |
| Volume/sequential designation | no. 32 |
| 500 ## - GENERAL NOTE | |
| General note | Translation of Priblizhennye metody reshenii︠a︡ ėkstremalʹnykh zadach. |
| 504 ## - BIBLIOGRAPHY, ETC. NOTE | |
| Bibliography, etc | Bibliography: p. 249-254. |
| 650 #0 - SUBJECT ADDED ENTRY--TOPICAL TERM | |
| Topical term or geographic name as entry element | Maxima and minima. |
| 9 (RLIN) | 199388 |
| Topical term or geographic name as entry element | Approximation theory. |
| 9 (RLIN) | 153079 |
| 700 1# - ADDED ENTRY--PERSONAL NAME | |
| Personal name | Rubinov, Aleksandr Moiseevich, |
| Relator term | joint author. |
| 830 #0 - SERIES ADDED ENTRY--UNIFORM TITLE | |
| Uniform title | Modern analytic and computational methods in science and mathematics ; |
| Volume number/sequential designation | v. 32. |
| 942 ## - ADDED ENTRY ELEMENTS (KOHA) | |
| Source of classification or shelving scheme | Dewey Decimal Classification |
| Koha item type | Books |
| Lost status | Source of classification or shelving scheme | Damaged status | Not for loan | Collection code | Permanent Location | Current Location | Shelving location | Date acquired | Source of acquisition | Total Checkouts | Full call number | Date last seen | Copy number | Koha item type |
|---|---|---|---|---|---|---|---|---|---|---|---|---|---|---|
| Dewey Decimal Classification | Not For Loan | Non-fiction | Central Library, University of Rajshahi | Central Library, University of Rajshahi | Reading Room | 07/04/1979 | Netharland | 519.8 DEA 1970 | 23/03/2017 | C-1 | Books |